000 00378 a2200109 4500
001 ART_31272
005 20260410161840.0
008 260409a
245 1 0 _aReflexiones acerca de los derechos fundamentales, la administración pública y el presupuesto público
100 1 _aIvanega, Miriam Mabel
773 0 _tRAP
_g- Año 36, Nº 421 (oct. 2013)
_wREV5941
999 _c24009
_d24009